| 000 | 00870cab a2200241 4500 | ||
|---|---|---|---|
| 001 | WB3239-60 | ||
| 008 | 090401t1996 xxu||||| |||| 00| 0 eng d | ||
| 035 | _a(Sirsi) u27684 | ||
| 041 | _aeng | ||
| 245 | _aPlant & machinery rating to go to VOA | ||
| 260 | _c1996 | ||
| 350 | _a0 | ||
| 490 |
_aCSM (Chartered Surveyor Monthly) _v6(2) October 1996, 7(1) |
||
| 520 | _aAn advisory committee has been set up to consider changing the responsibilty for the assessment of utilities` plant and machinery, from the relevant SoS to the Valuation Office Agency or Scottish Assessors, in time for the 2000 revaluation. | ||
| 650 | _aPLANT AND MACHINERY | ||
| 650 | _aRATING REVALUATION 2000 | ||
| 650 | _aSCOTTISH ASSESSORS | ||
| 650 |
_aUtilities _96272 |
||
| 650 | _aVALUATION OFFICE AGENCY | ||
| 690 | _aRATING AND VALUATION | ||
| 942 | _n0 | ||
| 948 | _c04/03/1997 | ||
| 999 |
_c18644 _d18644 |
||